|
|
|
|
| LEADER |
02150nam a2200565 a 4500 |
| 001 |
EBC787356 |
| 003 |
MiAaPQ |
| 005 |
20200520144314.0 |
| 006 |
m o d | |
| 007 |
cr cn||||||||| |
| 008 |
031210s2004 njua sb 001 0 eng d |
| 010 |
|
|
|z 2003068992
|
| 020 |
|
|
|z 0691114862 (cl : alk. paper)
|
| 020 |
|
|
|z 0691130345
|
| 020 |
|
|
|z 9780691130347
|
| 020 |
|
|
|a 9781400841370 (electronic bk.)
|
| 035 |
|
|
|a (MiAaPQ)EBC787356
|
| 035 |
|
|
|a (Au-PeEL)EBL787356
|
| 035 |
|
|
|a (CaPaEBR)ebr10504761
|
| 035 |
|
|
|a (CaONFJC)MIL330333
|
| 035 |
|
|
|a (OCoLC)758334120
|
| 040 |
|
|
|a MiAaPQ
|c MiAaPQ
|d MiAaPQ
|
| 043 |
|
|
|a d------
|
| 050 |
|
4 |
|a HD87
|b .D588 2004
|
| 082 |
0 |
4 |
|a 330.1
|2 22
|
| 100 |
1 |
|
|a Dixit, Avinash K.
|
| 245 |
1 |
0 |
|a Lawlessness and economics
|h [electronic resource] :
|b alternative modes of governance /
|c Avinash K. Dixit.
|
| 260 |
|
|
|a Princeton, N.J. :
|b Princeton University Press,
|c c2004.
|
| 300 |
|
|
|a x, 167 p. :
|b ill.
|
| 490 |
1 |
|
|a Gorman lectures in economics
|
| 500 |
|
|
|a "Second printing, and first paperback printing, 2007."--T.p. verso.
|
| 504 |
|
|
|a Includes bibliographical references (p. [155]-161) and index.
|
| 533 |
|
|
|a Electronic reproduction. Ann Arbor, MI : ProQuest, 2015. Available via World Wide Web. Access may be limited to ProQuest affiliated libraries.
|
| 650 |
|
0 |
|a Economic policy.
|
| 650 |
|
0 |
|a Corporate governance.
|
| 650 |
|
0 |
|a Contracts.
|
| 650 |
|
0 |
|a Right of property.
|
| 650 |
|
0 |
|a Corporation law.
|
| 650 |
|
0 |
|a Business enterprises
|x Law and legislation.
|
| 650 |
|
0 |
|a International cooperation.
|
| 650 |
|
0 |
|a Corporate governance
|z Developing countries.
|
| 650 |
|
0 |
|a Contracts
|z Developing countries.
|
| 650 |
|
0 |
|a Right of property
|z Developing countries.
|
| 650 |
|
0 |
|a Corporation law
|z Developing countries.
|
| 650 |
|
0 |
|a Business enterprises
|x Law and legislation
|z Developing countries.
|
| 651 |
|
0 |
|a Developing countries
|x Economic policy.
|
| 655 |
|
4 |
|a Electronic books.
|
| 710 |
2 |
|
|a ProQuest (Firm)
|
| 830 |
|
0 |
|a Gorman lectures in economics.
|
| 856 |
4 |
0 |
|u https://ebookcentral.proquest.com/lib/matrademy/detail.action?docID=787356
|z Click to View
|